000 00294nam a2200109Ia 4500
008 200302s9999 xx 000 0 und d
100 _aNorman E. Hickin
245 _aThe Conservation of Building Timbers
260 _bThe Rentokil Library Hutchinson & Co. Ltd.
260 _c1967
300 _a144 P.,
999 _c286
_d286